Sports Quiz

Random Sports or Baseball Quiz

Alliterative Baseball Players Quiz Stats

 Plays Quiz not verified by Sporcle

Score 0/18 Timer 05:00
0 Plays Today
Letter Player % Correct
BBarry Bonds
98.6%
TTroy Tulowitzki
88.8%
EEdwin Encarnacion
88.1%
DDon Drysdale
86%
MMike Mussina
83.2%
WWillie Wilson
75.5%
SSteve Sax
74.8%
GGary Gaetti or Greg Gagne
72.7%
UUgueth Urbina
69.2%
Letter Player % Correct
RRobin Roberts
67.8%
FFrankie Frisch
61.5%
KKyle Kendrick
53.1%
CChris Chambliss
51.7%
HHarvey Haddix
46.9%
JJohn Jaha
46.9%
AAl Alburquerque
46.2%
PPascual Perez
34.3%
OOmar Olivares
18.2%

You're not logged in!

Compare scores with friends on all Sporcle quizzes.
OR
Log In

Sporcle TV

Today on Sporcle TV


Watch our educational content, quiz creation guides, and fun videos on Sporcle TV.

Show Comments

Extras

Top Quizzes Today


Score Distribution

Your Account Isn't Verified!

In order to create a playlist on Sporcle, you need to verify the email address you used during registration. Go to your Sporcle Settings to finish the process.

Report this User

Report this user for behavior that violates our Community Guidelines.

Details: